000 00574nam a2200181 i 4500
001 59659
003 ES-MaACL
005 20250822063124.0
007 t|
008 031030s1931 sp ||||1| spa d
100 1 _aEnríquez de Salamanca, Fernando,
_d1890-1966
_947286
245 1 0 _aCompendio de hematología /
_cFernando Enríquez de Salamanca.
250 _a2ª ed. notablemente corr.
260 _aMadrid :
_bJavier Morata,
_c1931 (
_fTip. Artística)
300 _a306 p., 12 lám. :
_bil. ;
_c21 cm.
852 _aES-MaACL
_jE-279
999 _c59659
_d59659